000 01090cam a22003377a 4500
003 CHAP
005 20220817043600.0
008 991214d1998 it rn 00110 spa d
010 _a79067
011 _a80039
020 _a9253039167
035 _a90480
040 _cCHAP
082 _a639.2
_bF41Y v.3
110 2 _aFAO
245 1 0 _aIntegración de la pesca en la ordenación de la zona costera
_c/por FAO
260 _aRoma :
_bFAO,
_c1998.
300 _a23 p. :
490 0 _aFAO. Orientaciones técnicas para la pesca responsable
_v; 3
590 _aBATCH-UPD
_b10
_c20130110
_lUCH01
_h1712
590 _aBATCH-UPD
_b10
_c20130410
_lUCH01
_h1058
590 _aBATCH-UPD
_b10
_c20130914
_lUCH01
_h1435
590 _aCONVERSION
_b10
_c20130109
_lUCH01
_h1344
650 1 4 _aPesca costera.
_987436
650 1 4 _aPesca
_xAdministración.
_987353
830 0 _aFAO. Orientaciones técnicas para la pesca responsable
_v; 3
_939642
901 _aBK
905 _aLilia Sánchez G.
942 _cLIBRO
949 _a639.2 F41Y v.3
_bBC
_cFAO
_d33724000738977
_eFAO1
_h96399
_i90480
_kDonaciØn
_sb
999 _c79067
_d79067